Junior Eurovision Winners Quiz - Statistics

General Stats
  • This quiz has been taken 967 times
    126 since last reset
  • The average score is 19 of 23
Answer Stats
Year Artist(s) Song Country % Correct
2025 Lou Deleuze Ce monde France
100%
2023 Zoé Clauzure Cœur France
96%
2022 Lissandro Oh maman! France
95%
2020 Valentina J'imagine France
95%
2021 Maléna Qami Qami (Քամի Քամի) Armenia
92%
2024 Andria Putkaradze To My Mom Georgia
92%
2014 Vincenzo Cantiello Tu primo grande amore Italy
88%
2018 Roksana Węgiel Anyone I Want to Be Poland
88%
2015 Destiny Chukunyere Not My Soul Malta
87%
2019 Viki Gabor Superhero Poland
87%
2016 Mariam Mamadashvili Mzeo (მზეო) Georgia
84%
2017 Polina Bogusevich Wings Russia
84%
2004 María Isabel Antes muerta que sencilla Spain
83%
2008 Bzikebi Bzz.. Georgia
82%
2010 Vladimir Arzumanyan Mama (Մամա) Armenia
81%
2006 Tolmachevy Sisters Vesenniy jazz (Весенний джаз) Russia
80%
2012 Anastasiya Petryk Nebo (Небо) Ukraine
80%
2011 CANDY Candy Music Georgia
78%
2003 Dino Jelusić Ti si moja prva ljubav Croatia
77%
2009 Ralf Mackenbach Click Clack Netherlands
75%
2013 Gaia Cauchi The Start Malta
74%
2007 Alexey Zhigalkovich S druz'yami (С друзьями) Belarus
73%
2005 Ksenia Sitnik My vmeste (Мы вместе) Belarus
72%
No matching quizzes found
Score Distribution
Percent of People with Each Score
Percentile by Number Answered
Your Score History
You have not taken this quiz since the last reset